Normal view
MARC view
Entry Topical Term
001 - CONTROL NUMBER
- control field: 21817
003 - CONTROL NUMBER IDENTIFIER
- control field: OSt
005 - DATE AND TIME OF LATEST TRANSACTION
- control field: 20151222122922.0
008 - FIXED-LENGTH DATA ELEMENTS
- fixed length control field: 151222|| aca||aabn | a|a d
040 ## - CATALOGING SOURCE
- Original cataloging agency: OSt
- Transcribing agency: OSt
150 ## - HEADING--TOPICAL TERM
- Topical term or geographic name entry element: Fiction
670 ## - SOURCE DATA FOUND
- Source citation: Work cat.: (OSt)40481: Edgerton, Franklin 21739, Vikramas Adventures or The Thirty Tales of the Throne, 1925









